Trudny quiz (dla geomexa) - Statystyki

Ogólne statystyki
  • Ten quiz został rozwiązany 47 razy
  • Średni wynik to 3 z 6
Statystyki odpowiedzi
Zagadnienie Odpowiedź % Poprawnych
Jakie jest najmłodsze państwo świata? Sudan Południowy
100%
Jakie państwo ma stolicę na H? Wietnam
100%
Jakie państwo ma najwięcej wysp?(wybierz z podanych) Szwecja
50%
Jakie państwo jest w samym środku rankingu największych państw świata? Korea Północna
25%
Jakie państwo ma najdłuższą linie brzegową? (wybierz z podanych) Norwegia
25%
Sealand to Państwo
0%
Nie znaleziono quizów pasujących do podanych kryteriów
Rozkład punktacji
Procent ludzi z każdym wynikiem
Percentyl według liczby udzielonych odpowiedzi
Twoja historia wyników
Nie rozwiązałeś tego quizu